00359nam a2200133 a 450000500170000000800410001702000180005805000240007610000230010024500400012326000320016330000090019544000210020420140412111326.0110128s19uu xx 00 eng d a0-590-53549-8 aM 745.54bG914 1995 aGross, Gay Merrill aEasy Origami. /cGay Merrill Gross. aU.S.A :bScholastic,c1995. a72p. aInstructor books